000
00266nam a2200121Ia 4500
005
20251222141932.0
008
251222s9999||||xx |||||||||||||| ||spa||
082
_a
858.12/B81
100
_a
Brasioli, Alberto
245
0
_a
Dante:
264
_b
Il Leggio
942
_c
LIB
999
_c
9054
_d
9054